| 000 | 01133nam a22002537a 4500 | ||
|---|---|---|---|
| 003 | BJBSDDR | ||
| 005 | 20260513181913.0 | ||
| 006 | a|||||r|||| 00| 0 | ||
| 007 | ta | ||
| 008 | 260513s2016 nyu|||||r|||| 00| 0 eng d | ||
| 020 | _a9781284211283 | ||
| 040 |
_bspa _cBJBSDDR |
||
| 041 | _aeng | ||
| 050 | _bB368n 2016 | ||
| 100 | 1 |
_aBear, Mark F. _948427 |
|
| 245 | 1 | 0 |
_aNeuroscience : _bexploring the brain / _cMark F. Bear, Barry W. Connors, Michael A. Paradiso |
| 260 |
_aBurlington, New York : _bJones & Bartlett Learning, _c2016 |
||
| 300 |
_a975 pÔginas : _bilustraciónes ; _c28 cm |
||
| 520 | _aNeuroscience: Exploring the Brain is a university-level textbook that explains how the nervous system works from the ground up. It starts with neurons and electrical signaling, then builds up to sensory processing, movement control, learning, memory, and higher cognitive functions like language and decision-making. It also covers how brain systems relate to neurological and psychiatric disorders. | ||
| 700 | 1 |
_aConnors, Barry W. _948428 |
|
| 700 | 1 |
_aParadiso, Michael A. _948429 |
|
| 942 |
_2lcc _n0 _cBK |
||
| 946 | _illh | ||
| 999 |
_c127084 _d127084 |
||